1109 1742 1316 1134 1235 1578 1698 1807 1150 1647 1229 1954 1556 1436 1659 1172 1609 1326 1191 1480 1867 1143 1218 1406 1031 1622 1004 1630 1801 1626 1931 1227 1713 1465 1013 1331 1004 1444 1426 1591 1905 1719 1789 1470 1415 1049 1894 1886 1831 1511 1296 1724 1318 1523 1019 1201 1327 1833 1269 1705 1398 1031 1031 1899 1268 1706 1253 1866 1598 1315 1502 1540 1437 1945 1676 1391 1404 1366 1339 1298 1675 1172 1433 1499 1426 1648 1330 1757 1561 1473 1351 1310 1287 1191 1942 1233 1492 1544 1443 BCNSPRNW ULIB Ver.6.0+V

เปลี่ยนเป็นภาษาไทย

Change to English
 แสดงรายละเอียดบรรณานุกรม
  กลับหน้าหลัก

Brief Record : Get Marc (ISO 2709) : E-mail record : QR code < ปิดหน้าต่าง
LEADER : 00000nam a2200000 a 4500
001    13399114294
003     ULIB
008    101221s2551 th 000 0 tha d
020    ^a9789741108305
040    ^abns
060 04 ^aWM105^bส867จ
100 0  ^aสุรีย์ กาญจนวงศ์
245 10 ^aจิตวิทยาสุขภาพ =^bHealth psychology /^cสุรีย์ กาญจนวงศ์
246 31 ^aHealth psychology
250    ^aพิมพ์ครั้งที่ 2
260    ^aนครปฐม :^bคณะสังคมศาสตร์และมนุษยศาสตร์ มหาวิทยาลัยมหิดล,^c2553
300    ^a192 หน้า ;^c23 ซม.
500    ^aSend to Single Search
650  4 ^aจิตวิทยา
650  4 ^aความเครียดทางจิต
650  4 ^aพฤติกรรมสุขภาพ
650  4 ^aสุขภาพจิต
710 2  ^aมหาวิทยาลัยมหิดล. ^bคณะสังคมศาสตร์และมนุษยศาสตร์
945    ^p250^l0^i031350
945    ^p250^l0^i031351
945    ^p250^l0^i031352
995    ^aทศพร
999 ^a ทศพร
รายการนี้ยังไม่มีแท็ก
คุณยังไม่ได้ล็อกอิน คุณสามารถมีกิจกรรมร่วมกับเว็บไซต์ได้ แต่ต้องล็อกอินก่อน ::
  ล็อกอิน

รายการสื่อสารสนเทศ

ลำดับที่ ประเภท เลขเรียก/บาร์โค้ด สถานที่ สถานะ
1. วิทยาศาสตร์การแพทย์ และสุขภาพ
หนังสือสำรอง
สถานะ=หนังสือสำรอง
WM105 ส867จ ฉ.1 
  Barcode: 031350
ห้องสมุดวิทยาเขตสวรรค์ประชารักษ์
►ส่วนจัดเก็บหนังสือเก่า สปร
บนชั้น
  ขอยืม
2. วิทยาศาสตร์การแพทย์ และสุขภาพ
วิทยาศาสตร์การแพทย์ และสุขภาพ
WM105 ส867จ ฉ.2 
  Barcode: 031351
ห้องสมุดวิทยาเขตสวรรค์ประชารักษ์
►ส่วนจัดเก็บหนังสือเก่า สปร
บนชั้น
  ขอยืม
3. วิทยาศาสตร์การแพทย์ และสุขภาพ
วิทยาศาสตร์การแพทย์ และสุขภาพ
WM105 ส867จ ฉ.3 
  Barcode: 031352
ห้องสมุดวิทยาเขตสวรรค์ประชารักษ์
►ส่วนจัดเก็บหนังสือเก่า สปร
บนชั้น
  ขอยืม

รายการใกล้เคียง
    ผู้แต่ง [สุรีย์ กาญจนวงศ์]

    หัวเรื่อง [จิตวิทยา]
    หัวเรื่อง [ความเครียดทางจิต]
    หัวเรื่อง [พฤติกรรมสุขภาพ]
    หัวเรื่อง [สุขภาพจิต]

BibComment


ยังไม่เคยถูกคอมเมนท์

คอมเมนท์ทรัพยากรรายการนี้
  คอมเมนท์: จิตวิทยาสุขภาพ ..


 Copyright 2026. Bcnsprnw @Library